Responsabilidad social empresarial y poblacin̤ indg̕ena colombiana

Detalles Bibliográficos
Autor principal: Mantilla Jaimes, Mara̕ Ligia
Formato: eBook
Lenguaje:español
Publicado: Bogot ̀: Universidad Sergio Arboleda, 2012
Materias:
Acceso en línea:http://www.vlex.com/source/10937

MARC

LEADER 00000nam a22000007a 4500
005 20130402142336.0
007 cr|||| ||||
008 130402e2012 ck |||||s|||| 00||0 spa d
020 |a 978-958-8745-39-8 
035 |a 10937 
040 |a vLex 
090 |c 4086  |d 4086 
100 1 0 |a Mantilla Jaimes, Mara̕ Ligia  
245 1 0 |a Responsabilidad social empresarial y poblacin̤ indg̕ena colombiana  |c / Mara̕ Ligia Mantilla Jaimes   |h [Recurso electrn̤ico] 
256 |a Servicio en ln̕ea 
260 |a Bogot ̀:   |b Universidad Sergio Arboleda,   |c 2012 
300 |a 1 Recurso electrn̤ico 
506 |a Contenido solo disponible en los productos indicados  |d vLex Global  |d vLex Global (Academic Edition, excluding Law Schools)  |d vLex Global (U.S. Academic Edition, Law Schools)  |d vLex Global (U.S. Academic Edition, excluding Law Schools)  |d vLex Global (Academic Edition, Law Schools) 
650 0 4 |a Responsabilidad social corporativa  |z Colombia 
650 0 4 |a Administracin̤ (Management)  |z Colombia 
650 0 4 |a Empresas  |z Colombia 
650 0 4 |a Aborg̕enes  |z Colombia 
740 |a vLex Libros (Servicio en ln̕ea) 
856 |a Acceso restringido  |u http://www.vlex.com/source/10937 
942 |c BOOK 
999 0 |a Indigenous peoples